[Event "SG Ennepe-Ruhr-Süd 1 - SV Weidenau/Gei"]
[Site "NRW-Klasse - Gruppe 4 2019/20"]
[Date "2020.02.02"]
[Round "6.4"]
[White "Bruchmann, Norbert"]
[Black "Meinhardt, Michael"]
[Result "1/2-1/2"]
[WhiteElo "2017"]
[BlackElo "1997"]
[PlyCount "22"]
[EventDate "2020.??.??"]
[SourceVersionDate "2020.03.16"]
[WhiteTeam "SG Ennepe-Ruhr-Süd 1"]
[BlackTeam "SV Weidenau/Geisweid 1"]

1. e4 c6 2. d4 d5 3. Nc3 dxe4 4. Nxe4 Nf6 5. Nxf6+ exf6 6. Nf3 Bd6 7. Be2 O-O
8. O-O Re8 9. h3 Nd7 10. Re1 Nf8 11. Bf1 Rxe1 1/2-1/2

[Event "SG Ennepe-Ruhr-Süd 1 - SV Weidenau/Gei"]
[Site "NRW-Klasse - Gruppe 4 2019/20"]
[Date "2020.02.02"]
[Round "6.5"]
[White "Donner, Bernd"]
[Black "Arakelian, Aik"]
[Result "1/2-1/2"]
[WhiteElo "2148"]
[BlackElo "2021"]
[PlyCount "22"]
[EventDate "2020.??.??"]
[SourceVersionDate "2020.03.16"]
[WhiteTeam "SV Weidenau/Geisweid 1"]
[BlackTeam "SG Ennepe-Ruhr-Süd 1"]

1. e4 c5 2. g3 Nc6 3. Bg2 e5 4. Ne2 g6 5. c3 Bg7 6. Na3 Nge7 7. O-O O-O 8. Nc2
d5 9. d3 Be6 10. f4 Qb6 11. Ne3 dxe4 1/2-1/2

[Event "SG Ennepe-Ruhr-Süd 1 - SV Weidenau/Gei"]
[Site "NRW-Klasse - Gruppe 4 2019/20"]
[Date "2020.02.02"]
[Round "6.6"]
[White "Nasoyan, Maksim"]
[Black "Boyko, Oleksiy"]
[Result "0-1"]
[WhiteElo "1984"]
[BlackElo "1943"]
[PlyCount "84"]
[EventDate "2020.??.??"]
[SourceVersionDate "2020.03.16"]
[WhiteTeam "SG Ennepe-Ruhr-Süd 1"]
[BlackTeam "SV Weidenau/Geisweid 1"]

1. Nf3 Nf6 2. d4 g6 3. c4 Bg7 4. Nc3 O-O 5. e4 d6 6. Be2 e5 7. d5 a5 8. Bg5 h6
9. Bh4 Na6 10. Nd2 Qe8 11. b3 Bd7 12. a3 Nh7 13. O-O h5 14. f3 Bh6 15. Bf2 Qe7
16. Qc2 Bf4 17. Rfb1 Qg5 18. Ra2 h4 19. Kh1 Nf6 20. Nf1 Nh5 21. b4 Kg7 22. c5
Ng3+ 23. Kg1 Rh8 24. c6 bxc6 25. dxc6 Bh3 26. hxg3 hxg3 27. Bxg3 Bxg3 28. Nxg3
Qe3+ 29. Kf1 Bxg2+ 30. Kxg2 Rh2+ 31. Kxh2 Qf2+ 32. Kh3 Rh8+ 33. Kg4 Qh2 34. f4
Rh4+ 35. Kf3 exf4 36. Bxa6 Qxg3+ 37. Ke2 Rh2+ 38. Kf1 Rh1+ 39. Ke2 Rh2+ 40. Kf1
Qh3+ 41. Ke1 Rh1+ 42. Kd2 Qe3# 0-1

[Event "SG Ennepe-Ruhr-Süd 1 - SV Weidenau/Gei"]
[Site "NRW-Klasse - Gruppe 4 2019/20"]
[Date "2020.02.02"]
[Round "6.7"]
[White "Piskorz, Andreas"]
[Black "Schaefer, Martin"]
[Result "1-0"]
[WhiteElo "1893"]
[BlackElo "1859"]
[PlyCount "89"]
[EventDate "2020.??.??"]
[SourceVersionDate "2020.03.16"]
[WhiteTeam "SV Weidenau/Geisweid 1"]
[BlackTeam "SG Ennepe-Ruhr-Süd 1"]

1. Nf3 f5 2. b3 Nf6 3. Bb2 e6 4. c4 b6 5. e3 Bb7 6. Be2 g6 7. O-O Bg7 8. d4 O-O
9. Nc3 d6 10. Rc1 Nbd7 11. Qc2 Qe7 12. Rfd1 h6 13. Ne1 a6 14. Nd3 g5 15. Ne1
Qf7 16. d5 Ne4 17. dxe6 Qxe6 18. Nf3 Ndf6 19. Nd4 Qd7 20. f3 c5 21. fxe4 fxe4
22. Ndb5 axb5 23. Nxb5 Rxa2 24. Ra1 Rfa8 25. Rxa2 Rxa2 26. Qb1 Ra8 27. Rxd6 Qe7
28. Rd1 Rd8 29. Nc3 h5 30. Rxd8+ Qxd8 31. Qd1 Qxd1+ 32. Bxd1 Kh7 33. Na4 Kg6
34. Nxb6 g4 35. Be5 Bh6 36. Kf2 Bf8 37. Bxf6 Kxf6 38. Nd7+ Kf7 39. Nxf8 Kxf8
40. Kg3 Kf7 41. Kf4 Bc8 42. Bc2 Kf6 43. Bxe4 h4 44. g3 h3 45. Bc2 1-0

[Event "SG Ennepe-Ruhr-Süd 1 - SV Weidenau/Gei"]
[Site "NRW-Klasse - Gruppe 4 2019/20"]
[Date "2020.02.02"]
[Round "6.8"]
[White "Heinzemann, Thomas"]
[Black "Mohr, Daniel"]
[Result "0-1"]
[WhiteElo "1980"]
[BlackElo "1959"]
[Annotator "Daniel"]
[PlyCount "90"]
[EventDate "2020.??.??"]
[SourceVersionDate "2020.03.16"]
[WhiteTeam "SG Ennepe-Ruhr-Süd 1"]
[BlackTeam "SV Weidenau/Geisweid 1"]

1. e4 e5 2. Nf3 Nc6 3. Bc4 Nf6 4. d3 Bc5 5. O-O d6 6. c3 O-O 7. Bb3 Bg4 8. h3
Bh5 9. Qe2 Qe7 10. Be3 Bb6 11. Nbd2 Rad8 12. Nc4 d5 13. Nxb6 axb6 14. Bg5 dxe4
15. dxe4 h6 16. Bc1 Nd7 17. g4 Bg6 18. g5 Nc5 19. Bc2 hxg5 20. Bxg5 f6 21. Bc1
Bh5 $11 22. Qe3 Bxf3 23. Qxf3 Kf7 24. Qh5+ g6 25. Qh7+ Ke6 26. Qxe7+ Kxe7 27.
f4 Nd3 28. fxe5 Ncxe5 29. Bb3 Nxc1 30. Raxc1 Rh8 31. Kg2 Rd2+ 32. Kg3 Rd3+ 33.
Kg2 Rhxh3 34. Rc2 Ng4 35. Rf4 Rhg3+ 36. Kf1 g5 37. Rf5 Ne3+ 38. Ke2 Nxf5 39.
exf5 Rge3+ 40. Kf2 Rf3+ 41. Ke2 Rde3+ 42. Kd2 Re5 43. Rc1 g4 44. Rh1 Rh3 45.
Rg1 g3 0-1

[Event "Bergische SF 1 - SG Solingen 3"]
[Site "NRW-Klasse - Gruppe 4 2019/20"]
[Date "2020.02.02"]
[Round "6.1"]
[White "Kniest, Oliver"]
[Black "Bosbach, Stefan"]
[Result "1-0"]
[WhiteElo "2175"]
[BlackElo "2036"]
[PlyCount "61"]
[EventDate "2020.??.??"]
[SourceVersionDate "2020.03.16"]
[WhiteTeam "SG Solingen 3"]
[BlackTeam "Bergische SF 1"]

1. d4 c5 2. d5 e6 3. c4 exd5 4. cxd5 Nf6 5. Nc3 d6 6. e4 g6 7. f4 Bg7 8. Nf3
O-O 9. Be2 Re8 10. e5 Ng4 11. h3 Nh6 12. g4 Nd7 13. exd6 b6 14. O-O Nf8 15. Bb5
Bd7 16. Bc6 Rc8 17. Ne5 f5 18. g5 Nf7 19. Bxd7 Nxd7 20. Nc6 Rxc6 21. dxc6 Nf8
22. Nb5 a6 23. d7 axb5 24. dxe8=Q Qxe8 25. Qd5 Bd4+ 26. Kh1 Qe4+ 27. Qxe4 fxe4
28. a4 b4 29. a5 bxa5 30. c7 Nd6 31. Rxa5 1-0

[Event "Bergische SF 1 - SG Solingen 3"]
[Site "NRW-Klasse - Gruppe 4 2019/20"]
[Date "2020.02.02"]
[Round "6.2"]
[White "Harringer, Manfred"]
[Black "Wickenfeld, Stefan"]
[Result "0-1"]
[WhiteElo "2021"]
[BlackElo "2200"]
[PlyCount "88"]
[EventDate "2020.??.??"]
[SourceVersionDate "2020.03.16"]
[WhiteTeam "Bergische SF 1"]
[BlackTeam "SG Solingen 3"]

1. e4 d5 2. exd5 Nf6 3. d4 Nxd5 4. Nf3 Bg4 5. Be2 e6 6. O-O Be7 7. c3 c5 8.
dxc5 O-O 9. a3 a5 10. c4 Nf6 11. Nc3 Nfd7 12. Be3 Nxc5 13. Nd4 Bxe2 14. Qxe2
Qc8 15. Ndb5 Nbd7 16. Rfd1 Nb3 17. Rab1 Ne5 18. Bf4 Ng6 19. Bd6 Ra6 20. Bxe7
Nxe7 21. Nd6 Qb8 22. Ndb5 Rc6 23. Qc2 Nc5 24. b4 Na6 25. Rd7 Ng6 26. c5 axb4
27. axb4 Ne5 28. Rd6 Rd8 29. Qe4 Rcxd6 30. Nxd6 Nc6 31. Qc4 Naxb4 32. Rxb4 Nxb4
33. Qxb4 b6 34. Ndb5 Qe5 35. g3 Qe1+ 36. Kg2 Rd1 37. Qf4 Qf1+ 38. Kf3 Rd3+ 39.
Ke4 f5+ 40. Ke5 Qe1+ 41. Ne4 bxc5 42. Nbd6 c4 43. Nxf5 Qa5+ 44. Kxe6 Qd5+ 0-1

[Event "Bergische SF 1 - SG Solingen 3"]
[Site "NRW-Klasse - Gruppe 4 2019/20"]
[Date "2020.02.02"]
[Round "6.3"]
[White "Borchert, Stephan"]
[Black "Weiser, Hans-Josef"]
[Result "0-1"]
[WhiteElo "2091"]
[BlackElo "1965"]
[PlyCount "82"]
[EventDate "2020.??.??"]
[SourceVersionDate "2020.03.16"]
[WhiteTeam "SG Solingen 3"]
[BlackTeam "Bergische SF 1"]

1. e4 c5 2. Nf3 d6 3. d4 cxd4 4. Nxd4 Nf6 5. Nc3 a6 6. Be3 e5 7. Nb3 Be6 8. Qd2
Nbd7 9. f3 Be7 10. g4 Nc5 11. O-O-O b5 12. Qe1 Qc7 13. Nxc5 dxc5 14. g5 Nd7 15.
h4 c4 16. Bh3 Nc5 17. h5 b4 18. Nd5 Bxd5 19. Rxd5 Ne6 20. g6 b3 21. axb3 cxb3
22. c3 Rd8 23. gxf7+ Kxf7 24. Qd1 Qc4 25. Bf1 Qa4 26. Bd3 Rhf8 27. Bb1 Kg8 28.
Rg1 Qc4 29. Rg4 Bf6 30. Qd3 Qc6 31. Qd1 Qc4 32. h6 g6 33. Bd3 Qa4 34. Qg1 Rc8
35. Rg2 Nd4 36. Bb1 Qc4 37. Rxg6+ hxg6 38. Bxd4 Qe2 39. Be3 Kh7 40. Rd7+ Kh8
41. f4 Rxc3+ 0-1

[Event "Bergische SF 1 - SG Solingen 3"]
[Site "NRW-Klasse - Gruppe 4 2019/20"]
[Date "2020.02.02"]
[Round "6.4"]
[White "Gelsok, Philipp"]
[Black "Auer, Martin"]
[Result "1/2-1/2"]
[WhiteElo "1925"]
[BlackElo "2169"]
[PlyCount "86"]
[EventDate "2020.??.??"]
[SourceVersionDate "2020.03.16"]
[WhiteTeam "Bergische SF 1"]
[BlackTeam "SG Solingen 3"]

1. e4 g6 2. d4 Bg7 3. Nf3 d6 4. Nc3 a6 5. Be3 b5 6. a4 b4 7. Nb1 Nf6 8. Nbd2
Bb7 9. e5 Nd5 10. e6 f5 11. Nc4 O-O 12. Ng5 Nc6 13. Qf3 Nxe3 14. fxe3 d5 15.
Nd2 Qd6 16. Nb3 Nd8 17. Nc5 Bc6 18. Bxa6 h6 19. Nf7 Nxf7 20. exf7+ Rxf7 21. O-O
e5 22. c3 bxc3 23. bxc3 f4 24. Bb7 Bxb7 25. Nxb7 Qc6 26. Nc5 Bf8 27. Nd3 e4 28.
Ne5 Qxc3 29. Qh3 Rf6 30. Rac1 Qd2 31. Ng4 Rf7 32. Rc6 Kh7 33. Ne5 Rg7 34. Rxf4
Bd6 35. Rxd6 cxd6 36. Nf7 Rxf7 37. Rxf7+ Kg8 38. Qe6 Qxe3+ 39. Rf2+ Kh8 40.
Qf6+ Kh7 41. Qf7+ Kh8 42. Qf6+ Kh7 43. Qf7+ Kh8 1/2-1/2

[Event "Bergische SF 1 - SG Solingen 3"]
[Site "NRW-Klasse - Gruppe 4 2019/20"]
[Date "2020.02.02"]
[Round "6.5"]
[White "Peschel, Andreas"]
[Black "Eilers, Jochen"]
[Result "1-0"]
[WhiteElo "2122"]
[BlackElo "1978"]
[Annotator "Daniel"]
[PlyCount "209"]
[EventDate "2020.??.??"]
[SourceVersionDate "2020.03.16"]
[WhiteTeam "SG Solingen 3"]
[BlackTeam "Bergische SF 1"]

1. d4 Nf6 2. c4 c5 3. Nf3 cxd4 4. Nxd4 e5 5. Nc2 d5 6. cxd5 Qxd5 7. Bd2 Nc6 8.
Nc3 Qd8 9. g3 Be7 10. Bg2 O-O 11. O-O Be6 12. Bg5 Qa5 13. Qe1 Rfd8 14. Rd1 Rxd1
15. Qxd1 Rd8 16. Qc1 Nd4 17. e3 Nxc2 18. Qxc2 Qc7 19. Rc1 h6 20. Bxf6 Bxf6 21.
Qb1 Qb6 $11 22. Be4 Be7 23. b3 Rd2 24. Rd1 Rxd1+ 25. Qxd1 Qa5 26. Qd3 Bb4 27.
Nd5 Bxd5 28. Bxd5 Be7 29. Qc4 Qc5 30. Bxf7+ Kf8 31. h4 Qxc4 32. Bxc4 Ba3 33.
Kg2 Ke7 34. Kf3 Bb4 35. h5 Be1 36. Ke2 Bb4 37. f3 Kf6 38. Bd3 Kg5 39. Bg6 b6
40. f4+ Kf6 41. Kf3 Be1 42. Bd3 Bc3 43. Ke4 Bb2 44. Bf1 Bc3 45. Ba6 Bb2 46. b4
Bc3 47. b5 Bb2 48. Bc8 Bc3 49. a4 Bb2 50. Bg4 Bc3 51. Bh3 Bb2 52. Bc8 Ba1 53.
Kd5 Bc3 54. Bd7 Bb2 55. Bh3 Bc3 56. Bf1 Bb2 57. Be2 Bc3 58. Bd1 Bb2 59. e4 Bc3
60. f5 Bd4 61. Kc6 Bf2 62. g4 Be1 63. Kb7 Kg5 64. Kxa7 Ba5 65. Kb7 Kf4 66. Kc6
Kxe4 67. Kd6 Kf4 68. Ke6 e4 69. Kf7 Bc3 70. Ke6 Kg5 71. Kd5 Kf4 72. Kc4 Bd2 73.
Kd5 Bc3 74. Ke6 Kg5 75. Kf7 Bd4 76. Be2 Bc3 77. Ke6 Kf4 78. Kd5 Bd2 79. Kc6 Ba5
80. Bd1 Ke5 81. Kd7 Kf4 82. Ke6 Bc3 $11 83. Kf7 Kg5 84. a5 Bxa5 85. Kxg7 Bc3+
86. Kf7 Bd4 87. Ke6 Bc3 88. Kd5 Kf4 89. Kc6 Bd4 90. f6 Bxf6 91. Kxb6 Ke3 92.
Kc5 Kd2 93. Bb3 e3 94. Bc4 e2 95. Bxe2 Kxe2 96. Kd5 Kf3 97. b6 Kf4 98. b7 Be5
99. g5 hxg5 100. h6 g4 101. h7 g3 102. h8=Q Bxh8 103. b8=Q+ Kf3 104. Qf8+ Ke2
105. Ke4 1-0

[Event "Bergische SF 1 - SG Solingen 3"]
[Site "NRW-Klasse - Gruppe 4 2019/20"]
[Date "2020.02.02"]
[Round "6.6"]
[White "Thelen, Harm-Wulf"]
[Black "Kushchan, Eduard"]
[Result "1-0"]
[WhiteElo "1946"]
[BlackElo "1933"]
[PlyCount "71"]
[EventDate "2020.??.??"]
[SourceVersionDate "2020.03.16"]
[WhiteTeam "Bergische SF 1"]
[BlackTeam "SG Solingen 3"]

1. c4 Nf6 2. g3 g6 3. Bg2 Bg7 4. Nc3 d6 5. d4 O-O 6. Nf3 Nbd7 7. O-O e5 8. d5
a5 9. e4 Nc5 10. Qc2 Bd7 11. Ne1 Ne8 12. Nd3 Nxd3 13. Qxd3 f5 14. f3 Nf6 15.
Be3 Qe7 16. Qd2 Rf7 17. Nb5 Ne8 18. Rac1 c6 19. dxc6 bxc6 20. Nc3 Be6 21. b3
Nc7 22. Rfd1 Ne8 23. f4 fxe4 24. Nxe4 d5 25. Bc5 Qd7 26. cxd5 Bxd5 27. Ng5 Nc7
28. Nxf7 Qxf7 29. Bxd5 Nxd5 30. fxe5 Bxe5 31. Bd4 Re8 32. Bxe5 Rxe5 33. Rxc6
Qa7+ 34. Qf2 Qb7 35. Qc5 Qf7 36. Rf1 1-0

[Event "Bergische SF 1 - SG Solingen 3"]
[Site "NRW-Klasse - Gruppe 4 2019/20"]
[Date "2020.02.02"]
[Round "6.7"]
[White "Erkay, Necip-Ali"]
[Black "Gutt, Oswald"]
[Result "1/2-1/2"]
[WhiteElo "1861"]
[BlackElo "1881"]
[PlyCount "39"]
[EventDate "2020.??.??"]
[SourceVersionDate "2020.03.16"]
[WhiteTeam "SG Solingen 3"]
[BlackTeam "Bergische SF 1"]

1. d4 d5 2. c4 e6 3. Nf3 Nf6 4. g3 Be7 5. Bg2 O-O 6. Qc2 Nbd7 7. O-O c6 8. Rd1
Ne4 9. Nc3 f5 10. b3 Qe8 11. Bb2 Qh5 12. Nxe4 fxe4 13. Ne5 Nxe5 14. dxe5 Bc5
15. e3 Be7 16. Rd2 Bb4 17. Qd1 Qf7 18. Rc2 Bd7 19. Qe2 Rad8 20. Rf1 1/2-1/2

[Event "Bergische SF 1 - SG Solingen 3"]
[Site "NRW-Klasse - Gruppe 4 2019/20"]
[Date "2020.02.02"]
[Round "6.8"]
[White "Pyka, Andreas Jan"]
[Black "Fichtner, Ewald"]
[Result "1-0"]
[WhiteElo "1988"]
[BlackElo "2033"]
[PlyCount "95"]
[EventDate "2020.??.??"]
[SourceVersionDate "2020.03.16"]
[WhiteTeam "Bergische SF 1"]
[BlackTeam "SG Solingen 3"]

1. e4 c6 2. d3 d5 3. Nd2 e5 4. Ngf3 Bd6 5. g3 Nf6 6. Bg2 O-O 7. O-O Nbd7 8. a4
a5 9. Nh4 Re8 10. h3 Nc5 11. Nf5 Bf8 12. Ne3 dxe4 13. dxe4 b5 14. axb5 cxb5 15.
Qe2 Qb6 16. Rd1 Bb7 17. Nd5 Nxd5 18. exd5 Rad8 19. Nf1 e4 20. Ne3 a4 21. Bf1
Ba6 22. Qg4 Qf6 23. Qf5 Qxf5 24. Nxf5 Re5 25. Ne3 g6 26. Ng4 Rf5 27. Ne3 Rf6
28. Ng4 Rb6 29. Bg5 Rc8 30. Bf4 f5 31. Ne3 Bg7 32. Ra2 h6 33. h4 Kh7 34. Bh3 b4
35. d6 Rd8 36. d7 Rb7 37. h5 Rbxd7 38. Rxd7 Rxd7 39. hxg6+ Kh8 40. Nxf5 Rd1+
41. Kh2 Bc4 42. b3 Bg8 43. Be3 a3 44. Bxc5 Ra1 45. Nxg7 Rxa2 46. Bd4 Bxb3 47.
Nh5+ Kg8 48. cxb3 1-0

[Event "SG Solingen 3 - Godesberger SK 2"]
[Site "NRW-Klasse - Gruppe 4 2019/20"]
[Date "2020.02.23"]
[Round "7.1"]
[White "Mantau, Jan"]
[Black "Zolfagharian, Kevin"]
[Result "1-0"]
[WhiteElo "2144"]
[BlackElo "2297"]
[PlyCount "99"]
[EventDate "2020.??.??"]
[SourceVersionDate "2020.03.16"]
[WhiteTeam "Godesberger SK 2"]
[BlackTeam "SG Solingen 3"]

1. e4 c5 2. Nf3 Nc6 3. d4 cxd4 4. Nxd4 Nf6 5. Nc3 d6 6. Bg5 e6 7. Qd2 Be7 8.
O-O-O O-O 9. f4 Nxd4 10. Qxd4 Qa5 11. Bc4 Rd8 12. Rhf1 Bd7 13. f5 Rac8 14. Bb3
Qe5 15. Qxa7 Qxh2 16. Bf4 Qxg2 17. Rg1 Qh3 18. Rd3 Qh4 19. Bg5 Qh2 20. Rd2 Qe5
21. Rdg2 d5 22. Be3 g6 23. fxg6 hxg6 24. exd5 exd5 25. Rg5 Bf5 26. Bd4 Qe6 27.
Qxb7 Rb8 28. Qa7 Ng4 29. R5xg4 Bxg4 30. Bxd5 Bg5+ 31. Kb1 Qf5 32. b3 Rbc8 33.
Kb2 Rd7 34. Qa4 Rdc7 35. Be4 Qf4 36. Bd3 Bf5 37. Rh1 Bh6 38. Bxf5 gxf5 39. Qb4
Qd2 40. a4 Qf4 41. Kb1 Rd7 42. Nb5 Rcd8 43. Rg1+ Kh7 44. Qc4 Qe4 45. a5 Qe6 46.
Qc3 Qd5 47. Qh3 f6 48. Rh1 Qxb5 49. Qxh6+ Kg8 50. Qh8+ 1-0

[Event "SG Solingen 3 - Godesberger SK 2"]
[Site "NRW-Klasse - Gruppe 4 2019/20"]
[Date "2020.02.23"]
[Round "7.2"]
[White "Kniest, Oliver"]
[Black "Luebsen, Keno"]
[Result "1/2-1/2"]
[WhiteElo "2175"]
[BlackElo "2110"]
[PlyCount "119"]
[EventDate "2020.??.??"]
[SourceVersionDate "2020.03.16"]
[WhiteTeam "SG Solingen 3"]
[BlackTeam "Godesberger SK 2"]

1. d4 d5 2. c4 c6 3. Nf3 Nf6 4. Nbd2 Bf5 5. Nh4 Be6 6. e3 g6 7. Bd3 Bg7 8. O-O
O-O 9. Nhf3 Bg4 10. h3 Bxf3 11. Nxf3 Nbd7 12. b3 c5 13. Bb2 cxd4 14. Bxd4 dxc4
15. Bxc4 Qa5 16. Rc1 b5 17. Be2 Rfd8 18. Qd2 b4 19. a3 Qxa3 20. Bc4 Qa5 21. Ra1
Qc7 22. Qxb4 Nb6 23. Qa5 Nfd5 24. Ba6 Bxd4 25. Nxd4 Qc3 26. Bb7 Rab8 27. Bxd5
Qxa5 28. Rxa5 Rxd5 29. Rxa7 Rd7 30. Rfa1 Rxa7 31. Rxa7 Nd5 32. e4 Nc3 33. Rxe7
Rb4 34. Rc7 Nxe4 35. Rc4 Rb6 36. b4 Kg7 37. b5 Nf6 38. Rc6 Rb7 39. Kf1 Nd5 40.
Rc5 Nf4 41. Rc4 Kf6 42. Rb4 Nd5 43. Rb3 Nc7 44. Ke2 Ke5 45. Kd3 Kd5 46. g4 Kc5
47. g5 Nd5 48. Nc2 f6 49. gxf6 Nxf6 50. Rc3+ Kxb5 51. Rb3+ Kc6 52. Rxb7 Kxb7
53. Kd4 Kc6 54. Ke5 Nh5 55. Nb4+ Kd7 56. Nd5 Ke8 57. Nf6+ Nxf6 58. Kxf6 Kf8 59.
h4 Kg8 60. h5 1/2-1/2

[Event "SG Solingen 3 - Godesberger SK 2"]
[Site "NRW-Klasse - Gruppe 4 2019/20"]
[Date "2020.02.23"]
[Round "7.3"]
[White "Mittmann, Johannes"]
[Black "Wickenfeld, Stefan"]
[Result "1-0"]
[WhiteElo "2072"]
[BlackElo "2200"]
[Annotator "Daniel"]
[PlyCount "137"]
[EventDate "2020.??.??"]
[SourceVersionDate "2020.03.16"]
[WhiteTeam "Godesberger SK 2"]
[BlackTeam "SG Solingen 3"]

1. e4 d5 2. exd5 Nf6 3. Nf3 Nxd5 4. d4 Bg4 5. Be2 e6 6. c4 Nb6 7. O-O Be7 8. c5
Nd5 9. Nc3 O-O 10. Ne5 Bxe2 11. Qxe2 b6 12. Qc4 Nxc3 13. Qxc3 bxc5 14. dxc5 Qd5
15. Qg3 Qxc5 16. Bh6 Bf6 17. Ng4 Bxb2 18. Rab1 Bd4 19. Rfc1 Qf5 20. Rb4 c5 21.
Bf4 Bxf2+ 22. Kxf2 Kh8 23. Ne3 Qf6 24. Re4 Nd7 25. Kg1 Qb2 26. Rf1 Qxa2 27. Bd6
Rg8 28. Rh4 g6 29. Rxf7 Rg7 30. Rxg7 Kxg7 31. Be5+ Kg8 32. h3 Rf8 33. Ng4 Qb1+
34. Kh2 Rf1 35. Nh6+ Kf8 36. Rf4+ Ke8 37. Rxf1 Qxf1 38. Bc7 Qf8 39. Ng4 Qf5 40.
Qe3 h5 41. Ne5 g5 42. Nxd7 Kxd7 43. Be5 Kc6 44. Bb8 a5 45. Qe2 g4 46. h4 Kb6
47. Qb2+ Kc6 48. Bg3 a4 49. Qb8 Qd5 50. Qe8+ Qd7 51. Qxh5 a3 52. Qh8 Qa7 53.
Be5 a2 54. h5 Qf7 55. Qh6 Qf5 56. Ba1 Kb5 57. Kg3 Qd3+ 58. Kh4 Qf1 59. Qg7 Qh1+
60. Kg3 Qxh5 $11 61. Qb2+ Kc4 62. Qxa2+ Kd3 63. Qb3+ Kd2 64. Bc3+ Kd3 65. Bb2+
Kd2 66. Qc3+ Ke2 67. Qe5+ Qxe5+ 68. Bxe5 c4 69. Kxg4 1-0

[Event "SG Solingen 3 - Godesberger SK 2"]
[Site "NRW-Klasse - Gruppe 4 2019/20"]
[Date "2020.02.23"]
[Round "7.4"]
[White "Hubert, Ralf"]
[Black "Kummer, Wolfram"]
[Result "1-0"]
[WhiteElo "2173"]
[BlackElo "2031"]
[PlyCount "49"]
[EventDate "2020.??.??"]
[SourceVersionDate "2020.03.16"]
[WhiteTeam "SG Solingen 3"]
[BlackTeam "Godesberger SK 2"]

1. d4 Nf6 2. c4 e6 3. Nc3 Bb4 4. a3 Bxc3+ 5. bxc3 h6 6. f3 d6 7. e3 Nc6 8. Nh3
e5 9. Bd3 Qe7 10. O-O O-O 11. Ra2 Re8 12. Nf2 b6 13. Ne4 Na5 14. Ng3 Be6 15.
Qe2 b5 16. cxb5 Bxa2 17. Qxa2 d5 18. a4 Qd8 19. Nf5 e4 20. fxe4 dxe4 21. Be2
Qd5 22. c4 Qe6 23. d5 Qb6 24. Bb2 Nd7 25. Bxg7 1-0

[Event "SG Solingen 3 - Godesberger SK 2"]
[Site "NRW-Klasse - Gruppe 4 2019/20"]
[Date "2020.02.23"]
[Round "7.5"]
[White "Mueller-Boge, Michael"]
[Black "Borchert, Stephan"]
[Result "0-1"]
[WhiteElo "1973"]
[BlackElo "2091"]
[PlyCount "138"]
[EventDate "2020.??.??"]
[SourceVersionDate "2020.03.16"]
[WhiteTeam "Godesberger SK 2"]
[BlackTeam "SG Solingen 3"]

1. e4 e5 2. Nf3 Nc6 3. Bc4 Nf6 4. d3 Be7 5. c3 O-O 6. O-O d5 7. exd5 Nxd5 8.
Re1 Nb6 9. Bb3 Bg4 10. h3 Bh5 11. Qe2 Re8 12. Nbd2 Kh8 13. Nf1 f5 14. Ng3 Bg6
15. Bc2 Bf6 16. a4 Nd5 17. Qd1 a5 18. Nd2 Qd7 19. Nb3 b6 20. Qf3 Rad8 21. Bd2
Rf8 22. Rad1 Bh4 23. Bc1 Qf7 24. Re2 f4 25. Ne4 Bh5 26. g4 fxg3 27. Qxf7 Rxf7
28. fxg3 Bxe2 29. Re1 Nf4 30. Bxf4 exf4 31. Rxe2 fxg3 32. Kg2 Re8 33. Nbd2 Rf2+
34. Rxf2 gxf2 35. Nf3 Rf8 36. Ned2 Be7 37. d4 g5 38. Kxf2 h5 39. Kg2 Kg7 40.
Be4 Nd8 41. Ne5 Ne6 42. Ng6 Nf4+ 43. Nxf4 Rxf4 44. Bc2 g4 45. hxg4 Rxg4+ 46.
Kf2 h4 47. Nf3 h3 48. Bf5 Rg2+ 49. Kf1 Rxb2 50. Bxh3 Rc2 51. Bd7 Rxc3 52. Ke2
Bf6 53. d5 Kf8 54. Nd2 Bg5 55. Nf3 Bf6 56. Nd2 Bd4 57. Kd1 Ke7 58. Bb5 Rc5 59.
Bc6 Rxc6 60. dxc6 Kd6 61. Kc2 Kxc6 62. Kd3 Kd5 63. Nc4 c6 64. Nd2 b5 65. axb5
cxb5 66. Nb3 Bb6 67. Nd2 a4 68. Nb1 Ba5 69. Na3 Kc5 0-1

[Event "SG Solingen 3 - Godesberger SK 2"]
[Site "NRW-Klasse - Gruppe 4 2019/20"]
[Date "2020.02.23"]
[Round "7.6"]
[White "Peschel, Andreas"]
[Black "Koegler, Christof"]
[Result "1-0"]
[WhiteElo "2122"]
[BlackElo "2015"]
[PlyCount "89"]
[EventDate "2020.??.??"]
[SourceVersionDate "2020.03.16"]
[WhiteTeam "SG Solingen 3"]
[BlackTeam "Godesberger SK 2"]

1. Nf3 Nf6 2. g3 c5 3. Bg2 g6 4. O-O Bg7 5. c4 d5 6. cxd5 Nxd5 7. Qc2 b6 8. d4
cxd4 9. Nxd4 Bb7 10. Nc3 O-O 11. Rd1 Nxc3 12. bxc3 Bxg2 13. Kxg2 Qd5+ 14. Kg1
Rc8 15. Qd3 Nc6 16. Ba3 Qa5 17. Nxc6 Qxa3 18. Qd7 Bf6 19. Rd3 Qc5 20. Nd4 Rc7
21. Qa4 a6 22. Rad1 Qc4 23. Qa3 e5 24. Nc2 Be7 25. Qb2 e4 26. Ne3 Qc6 27. R3d2
b5 28. Nd5 Rb7 29. c4 bxc4 30. Qe5 Qe6 31. Qd4 Rc8 32. Rc2 Bd8 33. Rxc4 Rxc4
34. Qxc4 Rd7 35. e3 Rd6 36. Kg2 Qf5 37. Rd4 Bf6 38. Rd2 Kg7 39. Kg1 h5 40. h4
Be5 41. Qc5 Rd7 42. Ne7 Qf6 43. Rxd7 Bxg3 44. fxg3 Qa1+ 45. Kf2 1-0

[Event "SG Solingen 3 - Godesberger SK 2"]
[Site "NRW-Klasse - Gruppe 4 2019/20"]
[Date "2020.02.23"]
[Round "7.7"]
[White "Otto, Wolfgang"]
[Black "Blasek, Ralph"]
[Result "0-1"]
[WhiteElo "1890"]
[BlackElo "2062"]
[Annotator "Daniel"]
[PlyCount "150"]
[EventDate "2020.??.??"]
[SourceVersionDate "2020.03.16"]
[WhiteTeam "Godesberger SK 2"]
[BlackTeam "SG Solingen 3"]

1. d4 d5 2. Bf4 c6 3. c3 Bf5 4. e3 e6 5. Nf3 Nf6 6. Bd3 Ne4 7. Qe2 Be7 8. Nfd2
g5 9. Be5 f6 10. Bxb8 Rxb8 11. Nxe4 dxe4 12. Bc4 Qd6 13. Nd2 h5 14. Bb3 c5 15.
h4 g4 16. g3 b5 17. O-O Kf7 18. Bc2 Qc6 19. Rac1 Rhd8 20. Rfd1 e5 21. dxc5 Bxc5
22. Nb3 Bb6 23. Rxd8 Rxd8 24. Rd1 Rxd1+ 25. Qxd1 Be6 26. Nc1 $11 f5 27. Ne2 Qc4
28. b3 Qc6 29. Qd2 Ke7 30. Kf1 a5 31. Ke1 Bc7 32. Kf1 Qc5 33. Kg2 Bd6 34. Qc1
Bd5 35. Kf1 Bc6 36. Qd2 Kd7 37. Bb1 Kc7 38. Ke1 Kb7 39. Kf1 Bc7 40. Bc2 Bd6 41.
Bb1 Ka6 42. Bc2 Kb7 43. Bb1 Kc8 44. Bc2 Bb7 45. Ke1 Bc7 46. Kd1 Qc6 47. Qe1 Bd6
48. Kc1 Qc5 49. Kb1 Bd5 50. Qd2 Kc7 51. Bd1 Be6 52. Bc2 Qc6 53. Kc1 a4 54. Kd1
Qa6 55. Nc1 Qa5 56. b4 Qa8 57. a3 Qc6 58. Ke1 Bc4 59. Bd1 Bf8 60. Be2 Be6 61.
Kd1 Be7 62. Kc2 Bf6 63. Kb2 Bd5 64. Bd1 Kd6 65. Bc2 Ke6 66. Bb1 Bd8 67. Ba2 Bb6
68. Bxd5+ Qxd5 69. Qxd5+ Kxd5 70. Ne2 Kc4 71. Kc2 Ba7 72. Nc1 f4 73. exf4 exf4
74. Ne2 e3 75. fxe3 f3 0-1

[Event "SG Solingen 3 - Godesberger SK 2"]
[Site "NRW-Klasse - Gruppe 4 2019/20"]
[Date "2020.02.23"]
[Round "7.8"]
[White "Goerke, Joachim"]
[Black "Foitzik, Peter"]
[Result "1/2-1/2"]
[WhiteElo "2053"]
[BlackElo "1590"]
[Annotator "Daniel"]
[PlyCount "66"]
[EventDate "2020.??.??"]
[SourceVersionDate "2020.03.16"]
[WhiteTeam "SG Solingen 3"]
[BlackTeam "Godesberger SK 2"]

1. d4 Nf6 2. c4 g6 3. Nc3 d5 4. Bf4 Bg7 5. Nf3 O-O 6. e3 c6 7. Qb3 dxc4 8. Bxc4
e6 9. h3 Nd5 10. Bg3 Nd7 11. O-O b6 12. Ne4 b5 13. Be2 Qb6 14. Rac1 a5 15. a3
Ba6 16. Nd6 b4 17. Nc4 Bxc4 18. Qxc4 Rfc8 19. e4 N5f6 20. Bd3 Qb7 21. Nd2 c5
$11 22. Qb5 Qxb5 23. Bxb5 Ra7 24. Bd6 Bf8 25. Bxf8 Kxf8 26. e5 Nd5 27. Ne4 bxa3
28. bxa3 Rb8 29. Bxd7 Rxd7 30. dxc5 Rb3 31. Nd6 Nc3 32. Rc2 Rc7 33. Rxc3 Rxc3
1/2-1/2